| 000 | 00000nam##2200000za#4500 |
| 001 | 9.606171 |
| 003 | CaOODSP |
| 005 | 20220901164728 |
| 007 | cr ||||||||||| |
| 008 | 150406|1999||||xxc|||||o f|0| 0 fre|d |
| 040 | |aCaOODSP|bfre |
| 043 | |an-cn--- |
| 086 | 1 |aJ3-7/1999-3F-PDF |
| 110 | 1 |aCanada.|bJustice Canada. |
| 245 | 13|aLa prostitution chez les jeunes - incidence de la violence familiale : |h[ressource électronique]|banalyse documentaire / |c[par] Steven Bittle. |
| 260 | |aOttawa - Ontario : |bJustice Canada |c1999. |
| 300 | |a55p.|bréférences |
| 490 | 1 |aRapport technique|vTR1999-3F |
| 500 | |a"Non édité" |
| 590 | |a13-22-Supp|b2013-09-26 |
| 775 | 08|tYouth involvement in prostitution - a focus on intrafamilial violence : |w(CaOODSP)9.577616 |
| 830 | #0|aRapport technique ;|vTR1999-3F|w(CaOODSP)9.502068 |
| 856 | 40|ahttp://publications.gc.ca|qPDF|s342 Ko|uhttps://publications.gc.ca/collections/collection_2013/jus/J3-7-1999-3-fra.pdf|yTR1999-3F |